<?xml version="1.0" encoding="UTF-8"?>
<record
    xmlns:xsi="http://www.w3.org/2001/XMLSchema-instance"
    xsi:schemaLocation="http://www.loc.gov/MARC21/slim http://www.loc.gov/standards/marcxml/schema/MARC21slim.xsd"
    xmlns="http://www.loc.gov/MARC21/slim">

  <leader>02871nam a2200337uu 4500</leader>
  <controlfield tag="001">1577612</controlfield>
  <controlfield tag="005">20260508094440.0</controlfield>
  <controlfield tag="008">221019s2018                        spa  </controlfield>
  <datafield tag="020" ind1=" " ind2=" ">
    <subfield code="a">9788416572731</subfield>
  </datafield>
  <datafield tag="035" ind1=" " ind2=" ">
    <subfield code="a">1577612</subfield>
  </datafield>
  <datafield tag="040" ind1=" " ind2=" ">
    <subfield code="c">comduadb</subfield>
  </datafield>
  <datafield tag="041" ind1=" " ind2=" ">
    <subfield code="a">spa</subfield>
  </datafield>
  <datafield tag="082" ind1=" " ind2="4">
    <subfield code="a">155</subfield>
  </datafield>
  <datafield tag="100" ind1="1" ind2="0">
    <subfield code="a">Cyrulnik, Boris,</subfield>
    <subfield code="d">1937-</subfield>
    <subfield code="4">edt</subfield>
    <subfield code="0">(isni)0000 0001 2132 6163</subfield>
    <subfield code="0">(viaf)51687967</subfield>
    <subfield code="e">edt</subfield>
    <subfield code="9">331394</subfield>
  </datafield>
  <datafield tag="245" ind1="1" ind2="0">
    <subfield code="a">Resiliencia y adaptaci&#xF3;n : la familia y la escuela como tutores de resiliencia</subfield>
  </datafield>
  <datafield tag="250" ind1=" " ind2=" ">
    <subfield code="a">1. edici&#xF3;n</subfield>
  </datafield>
  <datafield tag="260" ind1=" " ind2=" ">
    <subfield code="a">Barcelona :</subfield>
    <subfield code="b">Editorial Gedisa,</subfield>
    <subfield code="c">2018.</subfield>
  </datafield>
  <datafield tag="300" ind1=" " ind2=" ">
    <subfield code="a">93 p&#xE1;ginas :</subfield>
    <subfield code="b">gr&#xE1;ficos, tablas.</subfield>
  </datafield>
  <datafield tag="490" ind1="0" ind2=" ">
    <subfield code="a">Psicolog&#xED;a /Resiliencia</subfield>
  </datafield>
  <datafield tag="505" ind1=" " ind2=" ">
    <subfield code="a">CONTENIDO : Promoci&#xF3;n de la resiliencia en las escuelas de educaci&#xF3;n especial / Rosa Mateu P&#xE9;rez, M&#xF3;nica Garc&#xED;a Renedo, Raquel Flores Buils, Jos&#xE9; Manuel Gil Beltr&#xE1;n, Antonio Caballer Miedes. -- Familias, psicosis, instituci&#xF3;n y corresiliencia / Stephan Hendrick, Jennifer Denis. -- En la pr&#xE1;ctica, no todos los resilientes son iguales: an&#xE1;lisis de perfil / Corinne Zacharyas, Luc Brunet. -- Resiliencia y adversidad en el trabajo en los trabajadores sociales / Mar&#xED;a de las Olas Palma Garc&#xED;a, Isabel Hombrados-Mendieta, Cristiana Villalba-Quesada. -- Conclusiones / Marie Anaut, Boris Cyrulnik.</subfield>
  </datafield>
  <datafield tag="520" ind1="3" ind2=" ">
    <subfield code="a">RESUMEN : El principal escenario en el que se desarrolla la resiliencia, entendida &#xE9;sta como el proceso frente a situaciones de adversidad que nos permite un aprendizaje mediante la experiencia, incluye dos de las principales instituciones de socializaci&#xF3;n: la familia y la escuela.
En cada una de ellas hemos encontrado una figura importante que promueve el desarrollo socioemocional de los ni&#xF1;os: la de los padres y la de los docentes, respectivamente. Es esencial que las profesoras y profesores se conviertan en tutores de resiliencia, como sostiene Cyrulnik (1999), cuando se trata de ni&#xF1;os de centros de educaci&#xF3;n especial que padecen diversos tipos de discapacidad (sordera y ceguera, autismo, alg&#xFA;n grado de retraso mental, etc.). Los gu&#xED;as o tutores de resiliencia son personas que proporcionan seguridad a estos ni&#xF1;os en situaciones traum&#xE1;ticas o nocivas, que les ayudan a superar la adversidad y les ense&#xF1;an estrategias para desarrollar sus fuerzas y sus competencias. Por este motivo, es crucial que los docentes posean las estrategias y competencias apropiadas para que puedan ser una fuente adecuada de soporte emocional.</subfield>
  </datafield>
  <datafield tag="650" ind1=" " ind2="7">
    <subfield code="a">Resiliencia (Psicolog&#xED;a)</subfield>
    <subfield code="2">lemb</subfield>
    <subfield code="9">206856</subfield>
  </datafield>
  <datafield tag="650" ind1=" " ind2=" ">
    <subfield code="a">Adaptaci&#xF3;n psicol&#xF3;gica</subfield>
    <subfield code="9">40430</subfield>
  </datafield>
  <datafield tag="650" ind1=" " ind2="7">
    <subfield code="a">Ni&#xF1;os</subfield>
    <subfield code="x">Aspectos psicol&#xF3;gicos</subfield>
    <subfield code="2">lemb</subfield>
    <subfield code="9">215205</subfield>
  </datafield>
  <datafield tag="650" ind1=" " ind2="7">
    <subfield code="a">Familia y ense&#xF1;anza</subfield>
    <subfield code="2">embne</subfield>
    <subfield code="9">56620</subfield>
  </datafield>
  <datafield tag="650" ind1=" " ind2="7">
    <subfield code="a">Educaci&#xF3;n especial</subfield>
    <subfield code="2">armarc</subfield>
    <subfield code="9">1716</subfield>
  </datafield>
  <datafield tag="650" ind1=" " ind2="7">
    <subfield code="a">Trabajadores sociales</subfield>
    <subfield code="2">lemb</subfield>
    <subfield code="9">42934</subfield>
  </datafield>
  <datafield tag="700" ind1="1" ind2="0">
    <subfield code="a">Anaut, Marie</subfield>
    <subfield code="4">edt</subfield>
    <subfield code="e">edt</subfield>
    <subfield code="9">810600</subfield>
  </datafield>
  <datafield tag="700" ind1=" " ind2="0">
    <subfield code="a">D&#xED;ez, Alfonso</subfield>
    <subfield code="4">trl</subfield>
    <subfield code="e">trl</subfield>
    <subfield code="9">691634</subfield>
  </datafield>
  <datafield tag="942" ind1=" " ind2=" ">
    <subfield code="c">BOOK</subfield>
  </datafield>
  <datafield tag="999" ind1=" " ind2=" ">
    <subfield code="c">835923</subfield>
    <subfield code="d">835923</subfield>
  </datafield>
  <datafield tag="952" ind1=" " ind2=" ">
    <subfield code="0">0</subfield>
    <subfield code="1">0</subfield>
    <subfield code="4">0</subfield>
    <subfield code="7">0</subfield>
    <subfield code="8">GEN</subfield>
    <subfield code="a">BC</subfield>
    <subfield code="b">BC</subfield>
    <subfield code="d">2022-10-19</subfield>
    <subfield code="e">Librer&#xED;a Universidad de Antioquia</subfield>
    <subfield code="g">68412.00</subfield>
    <subfield code="i">C13327950</subfield>
    <subfield code="l">2</subfield>
    <subfield code="m">1</subfield>
    <subfield code="o">155.24 R433</subfield>
    <subfield code="p">01093414</subfield>
    <subfield code="r">2025-05-29 13:33:17</subfield>
    <subfield code="s">2024-08-28</subfield>
    <subfield code="t">1</subfield>
    <subfield code="w">2023-05-05</subfield>
    <subfield code="y">BOOK</subfield>
  </datafield>
</record>
